[Event "1. Bundesliga 2019/2020"]
[Site "Blumenhalle, St. Veit/Glan"]
[Date "2020.01.12"]
[Round "8"]
[Board "6"]
[White "Csonka, Attila"]
[Black "Novkovic, Milan"]
[Result "1/2-1/2"]
[WhiteElo "2361"]
[BlackElo "2358"]
[PlyCount "65"]
[EventDate "2019.10.10"]
[EventType "team"]
[EventRounds "11"]
[EventCountry "AUT"]
[WhiteTeam "Spg. Sallegger Tech. Fuerstenfeld/Hartber"]
[BlackTeam "SK Hohenems"]

1.e4 c6 2.d4 d5 3.Nc3 dxe4 4.Nxe4 Bf5 5.Ng3 Bg6 6.Nf3 Nd7 7.h4 h6 8.h5 Bh7 9.Bd3 Bxd3
10.Qxd3 e6 11.Bd2 Qc7 12.O-O-O Ngf6 13.Qe2 O-O-O 14.Ne5 Nb6 15.Ba5 Rd5 16.Bxb6 axb6
17.c4 Ra5 18.Kb1 Bd6 19.f4 Kb8 20.Ne4 Nxe4 21.Qxe4 b5 22.c5 Bxe5 23.Qxe5 Rd8 24.Rh3
Ra4 25.Rg3 Qxe5 26.fxe5 Raxd4 27.Rxd4 Rxd4 28.Rxg7 Rd5 29.g4 Rxe5 30.Rxf7 Rxc5 31.Rf6
Rc4 32.Rxh6 Rxg4 33.Rxe6 1/2-1/2